000 00522nam a2200145Ia 4500
008 100204s9999 xx 000 0 und d
082 _b8927
100 _aकर्वे चिं. श्री.
245 _aचला चंद्र्राकडे
260 _b"कॉन्टीनेंटल बुक सर्व्हिस, पुणे"
_c1970 2
300 _a106
630 _aचला चंद्र्राकडे
730 _aचला चंद्र्राकडे
942 _cBOOK
999 _c453363
_d453360